| 000 | 00525nam a2200169Ia 4500 | ||
|---|---|---|---|
| 003 | GCL | ||
| 008 | 140319s9999 xx 000 0 ara d | ||
| 040 |
_aGCL / _cGCL |
||
| 082 | 0 | 4 |
_a891.703 _bم ا |
| 100 | 1 | _aماجد علاءالدين | |
| 245 | 1 | 0 |
_aالاقصوصة السوفيتية المعاصرة / _cماجد علاءالدين |
| 300 | _a312 ص | ||
| 490 |
_aالهيئة العامة للاستعلامات _v0 |
||
| 650 | 0 | 4 | _aالقصص القصيرة |
| 650 | 0 | 4 | _aالادب الروسى |
| 942 |
_2ddc _cBK |
||
| 999 |
_c47474 _d47474 |
||